Animals - Statistics

General Stats
  • This quiz has been taken 45 times
  • The average score is 10 of 15
Answer Stats
Question Answer % Correct
Has floppy ears Dog
100%
Has wings but can not fly Penguin
100%
Panda with red fur Red panda
83%
Moves on it's stomach Snake
83%
Wild dog Wolf
83%
Has gray fur Baby Penguin
67%
You can ride it Horse
67%
Lives in Savannah lion
67%
Wild Cat Ocelot
67%
Colorful bird Parrot
67%
Likes mud Pig
67%
Can be different colors Fish
50%
Likes to climb rocks Mountin Goat
50%
It looks like a under water plant Coral
17%
Is very quick Duck
0%
No matching quizzes found
Score Distribution
Percent of People with Each Score
Percentile by Number Answered
Your Score History
You have not taken this quiz